000 00877nam a2200229 i 4500
001 89305
003 ES-MaACL
005 20240417063034.0
007 t|
008 050110s1951 pe ||||1| spa d
080 _a821.134.2.09
100 0 _aLarrea, Juan,
_d1895-1980
_970333
245 1 3 _aLa religión del lenguaje español /
_cJuan Larrea.
260 _aLima :
_b[s.n.],
_c1951 (
_fAzangara)
300 _a39 p. ;
_c21 cm.
594 _aEn port.: IV Centenario de la Universidad Nacional Mayor de San Marcos.
594 _aConferencia pronunciada por el autor en la Facultad de Letras de la Universidad Nacional Mayor de San Marcos de Lima, el 4 de septiembre de 1951.
650 4 _aLengua española-
_xAspectos religiosos.
_9173354
710 2 _aUniversidad Nacional Mayor de San Marcos.
_97431
852 _aES-MaACL
_j1942-F-10
999 _c89305
_d89305